00395 2200157 4500001002100000008004100021035002000062245003000082100001500112260003800127300001200165084001400177082000800191650002100199990001700220INLIS000000001332397 ind  a0010-0225000408 aJuragan CilikcA. Syatiri aA. Syatiri aJakarta :bInti Buku Utama,c2002 a69 hlm. a813 SYA j a813 aKisah Inspiratif a000000001961